Quiz Quiz di cultura generale # 64 - Statistics

Statistiche generali
  • Questo quiz è stato fatto 146 volte
  • Il punteggio medio è 7 su 15
Statistiche sulle risposte
Suggerimento Risposta % Corretto
Roccia fusa che fuoriesce dai vulcani Magma
90%
Legge fondamentale di uno Stato Costituzione
80%
Studioso austriaco fondatore della psicoanalisi Sigmund Freud
78%
Corrente di pensiero che ispirò la Rivoluzione francese Illuminismo
68%
Pianta erbacea perenne utilizzata per amaricare la birra Luppolo
61%
Composizione letteraria in versi Poema
56%
Galassia più vicina alla Via Lattea Andromeda
51%
Scienziato italiano inventore del primo reattore nucleare nel 1942 Enrico Fermi
50%
Brano vincitore del Festival di Sanremo 2021 Zitti e buoni
50%
Paese d'Europa in cui vige la monarchia più antica Danimarca
43%
Città indiana che ospita il Taj Mahal Agra
21%
Soprannome del famoso terrorista statunitense Theodore Kaczynski Unabomber
19%
Catena montuosa della Sicilia centro-settentrionale Madonie
11%
Piano socio-economico attuato nella Repubblica Popolare Cinese dal 1958 al 1961 Grande balzo in avanti
7%
Scuola buddhista giapponese sorta nel XII secolo Zen
3%
Nessun quiz corrispondente trovato
Distribuzione punteggi
Percentuale di utenti per punteggio
Percentile per numero di risposta
I tuoi punteggi nel tempo
Non hai fatto questo quiz